| 000 | 01601cam a22002294a 4500 | ||
|---|---|---|---|
| 005 | 20250605163946.0 | ||
| 008 | 250528s ||||||||||||||||||||||||d | ||
| 035 | _a15202 | ||
| 020 | _a256165505 | ||
| 040 |
_aGR-AtMCL _bgre _dGR-AtMCL _eAACR2 |
||
| 245 | 1 | _aManagement Control Systems / International Student Edition: Eighth Edition | |
| 250 | _a8th | ||
| 260 |
_bIrwin Mcgraw-Hill, _c1995 |
||
| 300 | _a894 | ||
| 505 | 0 | _aThe Nature of Management Control Systems, Behavior in Organizations, Responsibility Centers: Revenue and Expense Centers, Profit Centers, Transfer Pricing, Measuring and Controlling Assets Employed, Understanding Strategies, Strategic Planning, Budget Preparation, Management Control of Operations, Analyzing Performance Reports, Management Compensation, Control for Differentiated Strategies, Service Organizations, Financial Service Organizations, Multinational Organizations, Management Control of Projects. | |
| 520 | _aThe Nature of Management Control Systems, Behavior in Organizations, Responsibility Centers: Revenue and Expense Centers, Profit Centers, Transfer Pricing, Measuring and Controlling Assets Employed, Understanding Strategies, Strategic Planning, Budget Preparation, Management Control of Operations, Analyzing Performance Reports, Management Compensation, Control for Differentiated Strategies, Service Organizations, Financial Service Organizations, Multinational Organizations, Management Control of Projects. | ||
| 700 | 1 |
_aAnthony N. Robert _91091 |
|
| 700 | 1 |
_aGovindarajan Vijay _91092 |
|
| 942 | _cBK | ||
| 999 |
_c796 _d796 |
||